000
00302nam a22001217a 4500
008
230629b xxu||||| |||| 00| 0 eng d
082
_a
338.926
_b
EAC 2000
245
_a
Science and Technology Policy in East Africa
260
_a
Arusha
_b
EAC
_c
2000
300
_a
IX,313p
440
_n
1
942
_2
ddc
_c
BK
999
_c
3024
_d
3024